00472 a2200169 450000500170000001000130001702000260003003500130005603700180006908200080008710000180009524501120011326000270022527000100025230000220026270000180028420241202105458.0 aB-761301 a9789364683135c680.00 aB-761301 bGift/28.11.24 a574 aLakhmir Singh aS. Chand's Lakhmir Singh's Biology;bAsper 2027 Syllabus for ICSE Class X /cLakhmir Singh and Manjit Kaur aU.P.bS. Chand'sc2025 aU. P. a346 p.c25cm (Pb) aKaur, Manjit